000
00248nam a22000977a 4500
082
_a
923.5 MEM'G
245
_a
THE MEMOIRS OF FIELD MARSHAL THE VISCOUNT MONTGOMERY OF ALAMEIN K. K
260
_a
LONDON
_b
LALLINS
_c
1958
300
_a
574P
942
_c
BK
999
_c
567933
_d
567933